77 poemas / (Registro nro. 6816)
[ vista simple ]
| 000 -LEADER | |
|---|---|
| fixed length control field | 01051cam a22002657a 4500 |
| 001 - CONTROL NUMBER | |
| control field | 3394554 |
| 003 - CONTROL NUMBER IDENTIFIER | |
| control field | OSt |
| 005 - DATE AND TIME OF LATEST TRANSACTION | |
| control field | 20250702103228.0 |
| 008 - FIXED-LENGTH DATA ELEMENTS--GENERAL INFORMATION | |
| fixed length control field | 881011r19871974ck 000 0 spa |
| 020 ## - INTERNATIONAL STANDARD BOOK NUMBER | |
| International Standard Book Number | 9581700129 |
| 040 ## - CATALOGING SOURCE | |
| Original cataloging agency | DLC |
| Transcribing agency | CO-JMCR |
| 082 04 - DEWEY DECIMAL CLASSIFICATION NUMBER | |
| Classification number | A-P |
| Item number | JARp |
| Edition number | 23 |
| 100 1# - MAIN ENTRY--PERSONAL NAME | |
| Personal name | Jaramillo Agudelo, Darío, |
| Relator term | autor |
| 9 (RLIN) | 952 |
| 245 10 - TITLE STATEMENT | |
| Title | 77 poemas / |
| Statement of responsibility, etc. | Darío Jaramillo Agudelo. |
| 250 ## - EDITION STATEMENT | |
| Edition statement | 1ª. edición. |
| 260 ## - PUBLICATION, DISTRIBUTION, ETC. | |
| Place of publication, distribution, etc. | Bogotá, Colombia : |
| Name of publisher, distributor, etc. | Centro Editorial, Universidad Nacional de Colombia, |
| Date of publication, distribution, etc. | c1987. |
| 300 ## - PHYSICAL DESCRIPTION | |
| Extent | 142 páginas ; |
| Dimensions | 21 cm. |
| 505 0# - FORMATTED CONTENTS NOTE | |
| Formatted contents note | Biografías imaginarias. -- Rincón poético. -- Historias. -- Cónclave. -- Tratado de retórica. -- Epílogo. -- Poemas de amor. -- Escenas de la vida diaria. -- De la nostalgia. -- Colección de máscaras. |
| 520 0# - SUMMARY, ETC. | |
| Summary, etc. | 77 poemas reúne en un solo volumen los libros de poesía publicados hasta por Darío Jaramillo Agudelo. |
| 650 24 - SUBJECT ADDED ENTRY--TOPICAL TERM | |
| Topical term or geographic name entry element | Poesía |
| 9 (RLIN) | 9640 |
| 650 24 - SUBJECT ADDED ENTRY--TOPICAL TERM | |
| Topical term or geographic name entry element | Retóricas |
| 9 (RLIN) | 9641 |
| 650 24 - SUBJECT ADDED ENTRY--TOPICAL TERM | |
| Topical term or geographic name entry element | Poesía de amor |
| 9 (RLIN) | 9642 |
| 740 0# - ADDED ENTRY--UNCONTROLLED RELATED/ANALYTICAL TITLE | |
| Uncontrolled related/analytical title | Setenta y siete poemas. |
| 942 ## - ADDED ENTRY ELEMENTS (KOHA) | |
| Source of classification or shelving scheme | Dewey Decimal Classification |
| Koha item type | Books |
| Withdrawn status | Lost status | Source of classification or shelving scheme | Damaged status | Not for loan | Home library | Current library | Shelving location | Date acquired | Source of acquisition | Total Checkouts | Full call number | Barcode | Date last seen | Date last checked out | Copy number | Price effective from | Koha item type | Public note |
|---|---|---|---|---|---|---|---|---|---|---|---|---|---|---|---|---|---|---|
| Dewey Decimal Classification | Biblioteca Pública José María del Castillo y Rada | Biblioteca Pública José María del Castillo y Rada | General Stacks | 04/15/2018 | Donación | 1 | A-P JARp | 201810002 | 11/28/2024 | 11/27/2024 | Ej.1 | 04/15/2018 | Books | Exlibris: nota en contraportada. |